000 00348nam a2200145Ia 4500
008 230917s9999||||xx |||||||||||||| ||und||
020 _cRS30
040 _e146235
_aMAIN
041 _aEnglish
082 _a301.412 P241S
100 _aParmar
245 0 _aShramjeevi mahilaen aur samkaleen parivarik sangthan
300 _a160p. p.
942 _cBK
999 _c35696
_d35696